LEADER 01049nam0-2200349---450- 001 990009142200403321 005 20100205145208.0 010 $a978-88-04-48475-2 035 $a000914220 035 $aFED01000914220 035 $a(Aleph)000914220FED01 035 $a000914220 100 $a20100205d2000----km-y0itay50------ba 101 1 $aita$ceng 102 $aIT 105 $ay-------001cy 200 1 $a<>uomo che amava solo i numeri$ela storia di Paul Erdós, un genio alla ricerca della verita matematica$fPaul Hoffman$gtraduzione di Massimo Parizzi 210 $aMilano$cMondadori$d2000 215 $a272 p.$d21 cm 225 1 $aOscar saggi$v672 610 0 $aMatematica - Persone 610 0 $aErdós, Paul 676 $a510.92 700 1$aHoffman,$bPaul$f<1956- >$0319229 702 1$aParizzi,$bMassimo$f<1950- > 801 0$aIT$bUNINA$gRICA$2UNIMARC 901 $aBK 912 $a990009142200403321 952 $aSAG-HOF-1$b5891$fSC1 959 $aSC1 996 $aUomo che amava solo i numeri$9778592 997 $aUNINA LEADER 01093nam0-22003131i-450- 001 990006762800403321 005 20130327110830.0 035 $a000676280 035 $aFED01000676280 035 $a(Aleph)000676280FED01 035 $a000676280 100 $a20010426d1987----km-y0itay50------ba 101 1 $aita 102 $aIT 105 $ay-------001yy 200 1 $aPer una nuova cooperazione in Africa$el'impegno delle organizzazioni non governative francesi e italiane, ACRA, AFDI, AFVP, CFCF, CIMADE, COOPI, COSV, CUAMM, FDU, GRET, IRAM, LVIA, UNMFREO$fH. Rouillé d'Orfeuil, G.C. Costadoni 210 $aTorino$cSocietà editrice internazionale$d1987 215 $aXXII, 282 p.$d21 cm 225 1 $a<>nuova Africa 300 $aTrad. di Gian Carlo Costadoni 700 1$aRouillé d'Orfeuil,$bHenri$0410950 701 1$aCostadoni,$bGian Carlo$0408719 801 0$aIT$bUNINA$gRICA$2UNIMARC 901 $aBK 912 $a990006762800403321 952 $aXIV E 3628$b19118$fFSPBC 959 $aFSPBC 996 $aPer una nuova cooperazione in Africa$9631358 997 $aUNINA